Normal view
MARC view
Entry Topical Term
001 - CONTROL NUMBER
- control field: 32814
003 - CONTROL NUMBER IDENTIFIER
- control field: OSt
005 - DATE AND TIME OF LATEST TRANSACTION
- control field: 20250513063728.0
008 - FIXED-LENGTH DATA ELEMENTS
- fixed length control field: 250513|| aca||aabn | a|a d
040 ## - CATALOGING SOURCE
- Original cataloging agency: OSt
- Transcribing agency: OSt
150 ## - HEADING--TOPICAL TERM
- Topical term or geographic name entry element: Careers guidance
670 ## - SOURCE DATA FOUND
- Source citation: Work cat.: (OSt)10287: Hooley, Tristram 32596, Chapter 3 the future isn’t what it used to be! revisiting the changing world of work after covid- 19, 2023.